Famous Catalans by Highest Number of Google Results - Statistics

General Stats
  • This quiz has been taken 99 times
  • The average score is 14 of 20
Answer Stats
Picture Hint Answer % Correct
Football player Gerard Piqué
97%
Artist Salvador Dalí
97%
Coach Xavi Hernández
97%
Coach Pep Guardiola
95%
Architect Antoni Gaudí
92%
Singer Rosalía
88%
Former football player Carles Puyol
86%
Motorcycle road racer Marc Márquez
81%
Former basketball player Pau Gasol
77%
Football player Jordi Alba
76%
Football player Sergio Busquets
76%
Singer Joan Manuel Serrat
62%
Football player Sergi Roberto
60%
Musician Pau Casals
59%
Artist Joan Miró
56%
Politician Josep Borrell
55%
Motorcycle road racer Dani Pedrosa
36%
Motorcycle trialist Laia Sanz
35%
Coach Robert Martínez
35%
Rally racing motorcycle rider Marc Coma
7%
No matching quizzes found
Score Distribution
Percent of People with Each Score
Percentile by Number Answered
Your Score History
You have not taken this quiz